000 00298nam a2200121Ia 4500
008 220204s9999 xx 000 0 und d
082 _a548.12
_bJAF
100 _aJaffe, H H
245 0 _aSymmetry in chemistry
260 _aNew York
_bWiley Eastern
_c1965
700 _aOrchin, Milton
942 _cBK
999 _c23636
_d23636